White paper on small and medium enterprises in Japan 1988
Part 1: recent trends of smaill and medium enterprises; Part 2: Changes in the industrial structure due to the high value of the yen and the search for new development;...
Guardat en:
| Format: | Llibre |
|---|---|
| Idioma: | Undetermined |
| Publicat: |
Tokyo
Ministry of International Trade and Industry
1988
|
| Matèries: | |
| Etiquetes: |
Afegir etiqueta
Sense etiquetes, Sigues el primer a etiquetar aquest registre!
|
| Thư viện lưu trữ: | Trung tâm Học liệu Trường Đại học Cần Thơ |
|---|
| LEADER | 00709nam a2200181Ia 4500 | ||
|---|---|---|---|
| 001 | CTU_226535 | ||
| 008 | 210402s9999 xx 000 0 und d | ||
| 082 | |a 338.642 | ||
| 082 | |b W582 | ||
| 245 | 0 | |a White paper on small and medium enterprises in Japan 1988 | |
| 260 | |a Tokyo | ||
| 260 | |b Ministry of International Trade and Industry | ||
| 260 | |c 1988 | ||
| 520 | |a Part 1: recent trends of smaill and medium enterprises; Part 2: Changes in the industrial structure due to the high value of the yen and the search for new development;... | ||
| 650 | |a Doanh nghiệp nhỏ,Small business | ||
| 650 | |z Nhật Bản,Japan | ||
| 910 | |b nthai | ||
| 980 | |a Trung tâm Học liệu Trường Đại học Cần Thơ | ||